[Event "Superettan(Orgryte-Malmo)"]
[Site "?"]
[Date "2016.01.30"]
[Round "5"]
[White "Fransson, Percy"]
[Black "Malekian, Babak"]
[Result "0-1"]
[WhiteElo "2121"]
[BlackElo "2245"]
[PlyCount "82"]
1. e4 g6 2. d4 c6 3. Nc3 d5 4. h3 Bg7 5. Nf3 Nf6 6. Bd3 dxe4 7. Nxe4 Nxe4 8.
Bxe4 O-O 9. O-O Nd7 10. c3 c5 11. Be3 Nf6 12. Bc2 cxd4 13. Bxd4 b6 14. Qe2 Bb7
15. Rad1 Qc7 16. Rfe1 e6 17. Be5 Qc8 18. Rd4 Rd8 19. Red1 Rxd4 20. Rxd4 Bc6 21.
Qd2 Bxf3 22. gxf3 Nh5 23. Qe3 Bxe5 24. Qxe5 Qf8 25. Qg5 Kg7 26. Be4 Rc8 27. Rd7
Rc5 28. Qd2 Qb8 29. b4 Rc4 30. Qd3 b5 31. Rb7 Qe5 32. Qd7 Qf6 33. Rxb5 Rxc3 34.
Rc5 Rxc5 35. bxc5 Qg5+ 36. Kf1 Qxc5 37. Qd2 Qe5 38. Qc2 Nf4 39. h4 Qa1+ 40. Qb1
Qxb1+ 41. Bxb1 Kf6 0-1

[Event "Superettan(Vaxjo-Kamraterna)"]
[Site "?"]
[Date "2016.01.30"]
[Round "5"]
[White "Lekander, Rolf"]
[Black "Svenn, Gosta"]
[Result "0-1"]
[WhiteElo "2224"]
[BlackElo "2301"]
[PlyCount "76"]
1. Nf3 Nf6 2. c4 g6 3. g3 Bg7 4. Bg2 O-O 5. O-O d6 6. Nc3 e5 7. d4 Nbd7 8. b3
Re8 9. e3 c6 10. Bb2 h6 11. Qc2 exd4 12. Nxd4 a5 13. Rad1 Nc5 14. Rfe1 Qb6 15.
h3 a4 16. Rb1 Nfd7 17. Ba1 axb3 18. axb3 Qb4 19. Red1 Ne5 20. Nce2 Qb6 21. b4
Ne6 22. f4 Nd7 23. Kh2 Nxd4 24. Bxd4 Bxd4 25. exd4 Nf6 26. c5 Qc7 27. Ra1 Bf5
28. Qb2 Rxa1 29. Rxa1 h5 30. Nc3 dxc5 31. dxc5 h4 32. Qf2 hxg3+ 33. Qxg3 Nh5
34. Qf2 Nxf4 35. Qg3 Qe5 36. b5 cxb5 37. Rf1 Nxg2 38. Qxe5 Rxe5 0-1

[Event "Superettan(Orgryte-Malmo)"]
[Site "?"]
[Date "2016.01.30"]
[Round "5"]
[White "Johansson, Thomas"]
[Black "Aira, Johannes"]
[Result "1/2-1/2"]
[WhiteElo "2167"]
[BlackElo "2116"]
[PlyCount "132"]
1. d4 Nf6 2. Bf4 g6 3. Nc3 d5 4. e3 Bg7 5. Be2 O-O 6. h4 c5 7. h5 Nc6 8. hxg6
hxg6 9. Qd2 Ne4 10. Nxe4 dxe4 11. c3 e5 12. dxe5 Qxd2+ 13. Kxd2 Nxe5 14. Nh3
Nd3 15. Bxd3 Rd8 16. Ng5 Bf5 17. Rad1 c4 18. Kc1 exd3 19. Kd2 b5 20. Bc7 Rd7
21. Ba5 Bf6 22. Nf3 Bg4 23. Ra1 Bxf3 24. gxf3 Bd8 25. Bxd8 Raxd8 26. Rh4 Rb8
27. b3 Rc7 28. Rb1 Rb6 29. Rb2 Kg7 30. Rd4 Kf8 31. Rd5 Ke7 32. f4 Rcc6 33. Rd4
Rc7 34. Rd5 Rd7 35. Re5+ Kd6 36. Rg5 Kc6 37. e4 a5 38. f5 gxf5 39. Rxf5 Kb7 40.
Rc5 Rc7 41. Rd5 Ka6 42. bxc4 bxc4 43. Rxb6+ Kxb6 44. a4 Rc5 45. Rd7 f5 46. f3
fxe4 47. fxe4 Re5 48. Ke3 Kc6 49. Rd4 Kc5 50. Rd8 Re6 51. Rd5+ Kb6 52. Rb5+ Kc7
53. Rxa5 Rd6 54. Kd2 Kb6 55. Rb5+ Kc6 56. Rb4 Kc5 57. Rb8 Rc6 58. Ke3 Kd6 59.
Rd8+ Ke7 60. Rd5 Rh6 61. a5 Rh1 62. Rd4 Rh3+ 63. Kd2 Rh2+ 64. Kd1 Rh1+ 65. Kd2
Rh2+ 66. Kd1 Rh1+ 1/2-1/2

[Event "Superettan(Vaxjo-Kamraterna)"]
[Site "?"]
[Date "2016.01.30"]
[Round "5"]
[White "Hamark, Jesper"]
[Black "Sevastianov, Andrii"]
[Result "1-0"]
[WhiteElo "2325"]
[BlackElo "2153"]
[PlyCount "213"]
1. g3 e5 2. c4 Nc6 3. Bg2 f5 4. Nc3 Bb4 5. Nd5 Bc5 6. e3 Nb4 7. Qb3 Nxd5 8.
cxd5 Nf6 9. Ne2 O-O 10. O-O Kh8 11. d4 exd4 12. Qc4 d3 13. Qxd3 c6 14. Qc2 Qe7
15. dxc6 dxc6 16. b3 Ne4 17. Bb2 b6 18. Bd4 Bxd4 19. exd4 Ba6 20. Rfe1 Rad8 21.
Rad1 Qf6 22. Nf4 g5 23. Ne6 Qxe6 24. f3 Qf6 25. fxe4 Rxd4 26. e5 Rxd1 27. Qxd1
Qe6 28. Qd6 Qxd6 29. exd6 Rd8 30. Re6 Bb7 31. Re7 Bc8 32. Bxc6 Rxd6 33. Re8+
Kg7 34. Rxc8 Rd1+ 35. Kf2 Rd2+ 36. Ke3 Rxa2 37. Rc7+ Kg6 38. Be8+ Kf6 39. Rxh7
Ra3 40. Kd4 Rxb3 41. Rf7+ Ke6 42. Rxa7 Rb2 43. h4 gxh4 44. gxh4 Rb4+ 45. Ke3
Rxh4 46. Bc6 Kd6 47. Bf3 Rb4 48. Rf7 f4+ 49. Kd3 Ke6 50. Rf8 Rb3+ 51. Ke4 Rb4+
52. Kd3 Rb3+ 53. Ke2 Rb2+ 54. Ke1 Ke5 55. Re8+ Kf6 56. Rf8+ Ke5 57. Re8+ Kf6
58. Re4 Kf5 59. Rd4 Ke5 60. Rd5+ Ke6 61. Rh5 Kf6 62. Be2 Kg6 63. Rd5 Kf6 64.
Kf2 Rb3 65. Bc4 Rb4 66. Bd3 Ke6 67. Rh5 Rd4 68. Ke2 Kd6 69. Kd2 Ra4 70. Kc3 Ra5
71. Rh6+ Kc5 72. Rf6 Ra3+ 73. Kd2 Ra4 74. Rf5+ Kd6 75. Kc3 Ke6 76. Rb5 f3 77.
Kd2 Ra6 78. Ke3 Kd6 79. Rb3 b5 80. Rxb5 Ra3 81. Rf5 Ke6 82. Rxf3 Ra4 83. Rh3
Rb4 84. Rh5 Ra4 85. Be4 Kd6 86. Kf4 Ra1 87. Rh6+ Kc5 88. Ke5 Rd1 89. Rc6+ Kb4
90. Rc8 Rd2 91. Rc1 Kb3 92. Bd5+ Kb4 93. Kd6 Rh2 94. Rb1+ Kc3 95. Kc5 Rh4 96.
Rb3+ Kd2 97. Rg3 Ke2 98. Kd6 Kd2 99. Ke5 Ra4 100. Be4 Ra5+ 101. Kf4 Ra7 102.
Rd3+ Ke2 103. Rc3 Rf7+ 104. Bf5 Kd1 105. Rc5 Rf8 106. Ke3 Rd8 107. Bg4+ 1-0

[Event "Superettan(Orgryte-Malmo)"]
[Site "?"]
[Date "2016.01.30"]
[Round "5"]
[White "Lauritzson, Peter"]
[Black "Lindahl, Jonas"]
[Result "1-0"]
[WhiteElo "2098"]
[BlackElo "2116"]
[PlyCount "115"]
1. Nf3 g6 2. g3 Bg7 3. d4 d6 4. Bg2 Nd7 5. O-O e5 6. c4 Ne7 7. Nc3 O-O 8. e4
exd4 9. Nxd4 Ne5 10. b3 N7c6 11. Nde2 f5 12. f4 Ng4 13. h3 Nf6 14. e5 dxe5 15.
Ba3 Re8 16. fxe5 Rxe5 17. Nf4 Bd7 18. Qd2 Be8 19. Nfd5 Bf7 20. Rad1 Re8 21. Qf2
Qc8 22. Nxf6+ Bxf6 23. Nd5 Bg7 24. Kh2 Kh8 25. Bb2 Ne5 26. Rfe1 c6 27. Nf4 Qc7
28. Re2 Rad8 29. Rxd8 Qxd8 30. Qe1 Qb8 31. Qa1 Qd6 32. c5 Qxc5 33. Rxe5 Bxe5
34. Nd3 Qe3 35. Nxe5 Kg8 36. Nd7 Bd5 37. Nf6+ Kf8 38. Nxd5 cxd5 39. Bg7+ Ke7
40. Qf6+ Kd7 41. Bxd5 Re7 42. Bxb7 Qe6 43. Qd4+ Kc7 44. Bg2 Kc8 45. Bh6 Qd7 46.
Qc4+ Qc7 47. Qa6+ Kd7 48. Qb5+ Kc8 49. Bf4 Qb6 50. Qc4+ Kd7 51. Qd5+ Kc8 52.
Bg5 Re1 53. Qg8+ Kd7 54. Qxh7+ Kc8 55. Qg8+ Kd7 56. Qd5+ Ke8 57. h4 Re6 58. a4
1-0

[Event "Superettan(Vaxjo-Kamraterna)"]
[Site "?"]
[Date "2016.01.30"]
[Round "5"]
[White "Gutzmann, Tobias"]
[Black "Svenn, Matti"]
[Result "1-0"]
[WhiteElo "2155"]
[BlackElo "2157"]
[PlyCount "85"]
1. d4 d5 2. c4 e6 3. Nf3 Nf6 4. g3 dxc4 5. Bg2 c5 6. O-O Nc6 7. Qa4 Bd7 8. Qxc4
b5 9. Qd3 Rc8 10. Nc3 cxd4 11. Nxd4 Nxd4 12. Qxd4 Bc5 13. Qd3 b4 14. Ne4 Nxe4
15. Bxe4 Qb6 16. a4 Bc6 17. Bxc6+ Qxc6 18. Be3 Bxe3 19. Qxe3 Qb7 20. a5 O-O 21.
a6 Qe7 22. Ra4 Rc6 23. Rfa1 h6 24. Qd4 Rb8 25. Qf4 e5 26. Qe4 Qd6 27. Ra5 Rc5
28. Kg2 Rxa5 29. Rxa5 f6 30. Qc4+ Kh8 31. Rd5 Qe7 32. Qc6 Rd8 33. Qb7 Qe8 34.
Rxd8 Qxd8 35. Qxa7 Qd5+ 36. f3 e4 37. Qb8+ Kh7 38. Qxb4 exf3+ 39. exf3 Qd7 40.
Qe4+ f5 41. Qc2 h5 42. h4 g6 43. Qf2 1-0

[Event "Superettan(Orgryte-Malmo)"]
[Site "?"]
[Date "2016.01.30"]
[Round "5"]
[White "Persson, Richard"]
[Black "Gromark, Per-Olof"]
[Result "1-0"]
[WhiteElo "2142"]
[BlackElo "1981"]
[PlyCount "83"]
1. Nf3 Nf6 2. c4 e6 3. g3 d5 4. b3 c5 5. Bg2 Nc6 6. e3 d4 7. exd4 cxd4 8. O-O
Bd6 9. Bb2 e5 10. b4 O-O 11. b5 Ne7 12. Re1 Nd7 13. d3 f6 14. a4 Nc5 15. Re2
Bf5 16. Ne1 Qe8 17. Ba3 Rb8 18. Nd2 Qg6 19. Ne4 Bxe4 20. Bxe4 Nxe4 21. Rxe4 f5
22. Re2 Bxa3 23. Rxa3 Qd6 24. Qb3 Qc5 25. Nf3 Ng6 26. Nd2 Kh8 27. Ra1 a5 28.
Qa3 Qxa3 29. Rxa3 b6 30. Nb3 Rbc8 31. c5 bxc5 32. Nxa5 e4 33. Nc4 exd3 34. Rxd3
Rce8 35. Rdd2 f4 36. b6 f3 37. Rxe8 Rxe8 38. Kf1 Ne7 39. a5 Nc6 40. a6 Ra8 41.
a7 Nxa7 42. Ra2 1-0

[Event "Superettan(Vaxjo-Kamraterna)"]
[Site "?"]
[Date "2016.01.30"]
[Round "5"]
[White "Borvander, Tom"]
[Black "Moren, Bjorn"]
[Result "1/2-1/2"]
[WhiteElo "2159"]
[BlackElo "2119"]
[PlyCount "95"]
1. d4 d5 2. c4 dxc4 3. Nf3 Nf6 4. e3 Bg4 5. Bxc4 e6 6. Be2 Bd6 7. Qb3 b6 8. Nc3
Nbd7 9. O-O O-O 10. Rd1 Qe7 11. e4 e5 12. d5 Nh5 13. g3 Kh8 14. h3 Nc5 15. Qc2
Bd7 16. Nh4 g6 17. Bxh5 gxh5 18. Kh2 a5 19. Qe2 f5 20. exf5 Bxf5 21. Qxh5 Qd7
22. Be3 Rf6 23. Nxf5 Rxf5 24. Qe2 Raf8 25. Rd2 Qf7 26. Qf1 Qg6 27. Qg2 Rf3 28.
Rad1 h5 29. Kh1 e4 30. Bd4+ Kh7 31. Re2 Rd3 32. Rxd3 exd3 33. Rd2 Re8 34. Qf3
Rf8 35. Qg2 Re8 36. Qf1 Qg5 37. Rd1 Qf5 38. Bxc5 Bxc5 39. Qxd3 Qxd3 40. Rxd3
Bxf2 41. Rf3 Bd4 42. Rf7+ Kg6 43. Rxc7 Re1+ 44. Kg2 Rg1+ 45. Kh2 Rf1 46. Rc4
Rf2+ 47. Kh1 Rf1+ 48. Kg2 1/2-1/2

[Event "Superettan(Orgryte-Malmo)"]
[Site "?"]
[Date "2016.01.30"]
[Round "5"]
[White "Fransson, Patrick"]
[Black "Nilsson, Hans"]
[Result "1-0"]
[WhiteElo "2108"]
[BlackElo "1987"]
[PlyCount "73"]
1. d4 Nf6 2. Bg5 c5 3. d5 Qb6 4. Nc3 Qxb2 5. Bd2 Qb6 6. e4 d6 7. f4 Nbd7 8. Nf3
Qc7 9. Bc4 g6 10. Qe2 Bh6 11. O-O O-O 12. e5 dxe5 13. Nb5 Qb8 14. fxe5 Ng4 15.
Bxh6 Nxh6 16. d6 exd6 17. exd6 a6 18. Nc7 Nf5 19. Ng5 Nxd6 20. Nxa8 Nxc4 21.
Qxc4 Ne5 22. Qxc5 h6 23. Ne4 Bf5 24. Nd6 Nd7 25. Qd4 Be6 26. Nb6 Qc7 27. Nxd7
Qxd7 28. a3 Rd8 29. Rad1 Qc6 30. Rd2 b5 31. Rfd1 h5 32. h3 Rd7 33. Qe5 Qb6+ 34.
Kh1 Qc6 35. Ne8 Kf8 36. Rxd7 Bxd7 37. Nf6 1-0

[Event "Superettan(Vaxjo-Kamraterna)"]
[Site "?"]
[Date "2016.01.30"]
[Round "5"]
[White "Neretljak, Nedzad"]
[Black "Svensson, Leif"]
[Result "1/2-1/2"]
[WhiteElo "2037"]
[BlackElo "2080"]
[PlyCount "153"]
1. e4 Nf6 2. d3 d6 3. Nc3 g6 4. Be2 Bg7 5. Bg5 c6 6. h3 Nbd7 7. Nf3 O-O 8. Qc1
e5 9. Bh6 Nc5 10. Nh2 Ne8 11. Ng4 f5 12. Bxg7 Kxg7 13. Qh6+ Kg8 14. Ne3 Qf6 15.
O-O-O Ne6 16. h4 f4 17. Ng4 Qg7 18. Rdg1 Qxh6 19. Nxh6+ Kg7 20. Ng4 Nd4 21. Bd1
b5 22. h5 b4 23. Nb1 Be6 24. c3 bxc3 25. bxc3 Nb5 26. a4 Nbc7 27. hxg6 hxg6 28.
Rh2 Bxg4 29. Bxg4 Nf6 30. Bd1 Rh8 31. Rgh1 Rxh2 32. Rxh2 Ne6 33. Nd2 Nc5 34.
Rh3 d5 35. exd5 cxd5 36. Bc2 Rc8 37. f3 a5 38. Rh1 Nfd7 39. Kb2 Nb6 40. Ra1 Rh8
41. Ka3 Rh2 42. Rg1 Kf6 43. Nf1 Rh8 44. g3 g5 45. gxf4 exf4 46. Rg2 Ncd7 47.
Nd2 Ne5 48. c4 dxc4 49. Ne4+ Ke7 50. Rxg5 Nxf3 51. Rg7+ Kf8 52. Rg6 cxd3 53.
Rf6+ Ke7 54. Bb3 Nd7 55. Rf7+ Kd8 56. Rxf4 Nfe5 57. Ng5 Rh1 58. Rd4 Ke7 59. Rd5
Re1 60. Rxa5 Nb6 61. Ra7+ Kd6 62. a5 Nbc4+ 63. Ka4 d2 64. a6 d1=Q 65. Bxd1 Rxd1
66. Nf7+ Kc5 67. Rc7+ Kb6 68. Nxe5 Nxe5 69. Rh7 Ra1+ 70. Kb4 Nc6+ 71. Kc4 Rxa6
72. Kd5 Ra4 73. Rh1 Rd4+ 74. Ke6 Rd2 75. Rh3 Kc7 76. Rh7+ Kb6 77. Rh3 1/2-1/2

[Event "Superettan(Solna-Rockaden,Sthlm II)"]
[Site "?"]
[Date "2016.01.30"]
[Round "5"]
[White "Berovski, Krum"]
[Black "Jonsson, Mikael"]
[Result "1/2-1/2"]
[WhiteElo "2316"]
[BlackElo "2284"]
[PlyCount "65"]
1. d4 d5 2. c4 c6 3. Nc3 Nf6 4. cxd5 cxd5 5. Bf4 Nc6 6. e3 a6 7. Nf3 Bg4 8. Rc1
e6 9. Be2 Bxf3 10. Bxf3 Bd6 11. Bg5 O-O 12. O-O Rc8 13. Na4 h6 14. Bh4 Qc7 15.
Bxf6 gxf6 16. g3 f5 17. Nc5 Qe7 18. Bg2 Rc7 19. Nxb7 Rxb7 20. Rxc6 Rxb2 21.
Rxa6 Rc8 22. Qa4 Rcc2 23. Ra7 Bc7 24. Bf3 Kg7 25. Bh5 Qg5 26. Bd1 Bxg3 27. Bxc2
Bxh2+ 28. Kh1 Qh4 29. Rxf7+ Kxf7 30. Qd7+ Kf8 31. Qc8+ Ke7 32. Kg2 Qg4+ 33.
Kxh2 1/2-1/2

[Event "Superettan(Solna-Rockaden,Sthlm II)"]
[Site "?"]
[Date "2016.01.30"]
[Round "5"]
[White "Lindborg, Petter"]
[Black "Bryntze, Stefan"]
[Result "1/2-1/2"]
[WhiteElo "2210"]
[BlackElo "2166"]
[PlyCount "116"]
1. d4 e6 2. Nf3 f5 3. g3 b6 4. Bg2 Bb7 5. O-O Nf6 6. c4 Be7 7. d5 O-O 8. Nc3
Bb4 9. Nd4 Qe8 10. Ncb5 Na6 11. dxe6 Bxg2 12. Kxg2 dxe6 13. Qa4 Qc8 14. Nxc7
Qxc7 15. Qxa6 Rad8 16. Nf3 e5 17. Qb5 Bc5 18. Bg5 Qb7 19. Bxf6 Rxf6 20. Rad1
Rdf8 21. Qd7 Qe4 22. Qd5+ Kh8 23. Qxe5 Qxc4 24. b3 Qa6 25. a4 f4 26. Rd7 Qc8
27. Rxa7 fxg3 28. hxg3 Re8 29. Qc7 Qg4 30. Qd7 Qg6 31. Qd3 Qxd3 32. exd3 Ref8
33. Ne5 Rxf2+ 34. Rxf2 Rxf2+ 35. Kh3 h6 36. a5 bxa5 37. Rxa5 Bb4 38. Rb5 Bc3
39. Ng6+ Kh7 40. Nf4 g5 41. Rb7+ Kg8 42. Nd5 Bd2 43. Kg4 Rh2 44. Kf5 Kf8 45.
Ke4 h5 46. Kf5 h4 47. gxh4 Rxh4 48. Kg6 Ke8 49. Nf6+ Kd8 50. Ne4 Rh3 51. Nxd2
Rxd3 52. Nc4 g4 53. Na5 Rd6+ 54. Kh7 Rd7+ 55. Rxd7+ Kxd7 56. Nc4 g3 57. Ne3 Kc6
58. Kg6 Kb5 1/2-1/2

[Event "Superettan(Vasteras II-Upsala)"]
[Site "?"]
[Date "2016.01.30"]
[Round "5"]
[White "Landgren, Andreas"]
[Black "Jansson, Borje"]
[Result "1/2-1/2"]
[WhiteElo "2253"]
[BlackElo "2304"]
[PlyCount "39"]
1. e4 e5 2. Nf3 Nc6 3. Nc3 Nf6 4. d4 exd4 5. Nxd4 Bb4 6. Nxc6 bxc6 7. Bd3 O-O
8. O-O d5 9. exd5 cxd5 10. h3 c6 11. Qf3 Bd6 12. Bf4 Be6 13. Rfe1 Rb8 14. b3
Bxf4 15. Qxf4 c5 16. Ne2 Rb4 17. Qf3 Qc7 18. c3 Rb6 19. Rad1 a5 20. Bc2 1/2-1/2

[Event "Superettan(Solna-Rockaden,Sthlm II)"]
[Site "?"]
[Date "2016.01.30"]
[Round "5"]
[White "Todorovic, Zoran"]
[Black "Lundvik, Jonas"]
[Result "0-1"]
[WhiteElo "2076"]
[BlackElo "2186"]
[PlyCount "86"]
1. e4 e6 2. d4 d5 3. Nd2 b6 4. exd5 exd5 5. Ngf3 Bd6 6. Bd3 Qe7+ 7. Qe2 Qxe2+
8. Bxe2 Bf5 9. c3 Nd7 10. Nf1 f6 11. Ng3 Bg6 12. Nh4 Bf7 13. Nhf5 Bf8 14. Bf4
O-O-O 15. O-O g6 16. a4 gxf5 17. Nxf5 Ne7 18. Nxe7+ Bxe7 19. a5 Kb7 20. Rfe1
Rhe8 21. axb6 axb6 22. Ba6+ Kc6 23. b4 Nb8 24. Bd3 Bg6 25. Bf1 Bd6 26. Be3 Kb7
27. Ra2 Bf4 28. g3 Bxe3 29. fxe3 Kc6 30. Rf2 Nd7 31. Bh3 Rf8 32. Rf4 Rde8 33.
Bg2 Kd6 34. h4 Rf7 35. g4 Rg7 36. Kf2 Ra8 37. h5 Ra2+ 38. Re2 Rxe2+ 39. Kxe2
Bxh5 40. Bxd5 Rxg4 41. Rxg4 Bxg4+ 42. Bf3 Bxf3+ 43. Kxf3 Kd5 0-1

[Event "Superettan(Vasteras II-Upsala)"]
[Site "?"]
[Date "2016.01.30"]
[Round "5"]
[White "Thorgeirsson, Sverrir"]
[Black "Backman, Andreas"]
[Result "0-1"]
[WhiteElo "2283"]
[BlackElo "2149"]
[PlyCount "66"]
1. d4 Nf6 2. Nf3 c5 3. e3 e6 4. Bd3 b6 5. b3 Bb7 6. O-O Be7 7. Bb2 cxd4 8. Nxd4
O-O 9. c4 d5 10. cxd5 Qxd5 11. f3 Nbd7 12. Nc3 Qg5 13. Qe2 Nc5 14. Bc4 a6 15.
b4 Ncd7 16. a3 Qh5 17. Rfd1 Ne5 18. Bb3 Rad8 19. Rac1 Bd6 20. h3 Ng6 21. Na4
Bb8 22. Nxb6 Ba7 23. Na4 e5 24. Nc6 Nf4 25. Qf2 Rxd1+ 26. Bxd1 Bxc6 27. Rxc6
Ne4 28. Qe1 Qg5 29. g4 Bxe3+ 30. Kh1 Nd3 31. h4 Qf4 32. Rc4 Nxe1 33. Rxe4 Qg3
0-1

[Event "Superettan(Solna-Rockaden,Sthlm II)"]
[Site "?"]
[Date "2016.01.30"]
[Round "5"]
[White "Bergstrom, Magnus"]
[Black "Tuomainen, Felix"]
[Result "0-1"]
[WhiteElo "2263"]
[BlackElo "2055"]
[PlyCount "54"]
1. c4 c6 2. e4 d5 3. cxd5 cxd5 4. exd5 Nf6 5. Qa4+ Nbd7 6. Nc3 g6 7. d4 Bg7 8.
Bb5 O-O 9. Bxd7 Nxd7 10. Nf3 Nb6 11. Qb3 Qd6 12. O-O Rd8 13. Re1 Bf6 14. Nb5
Qd7 15. d6 exd6 16. Nxa7 Rxa7 17. Qxb6 Ra6 18. Qb3 Qc6 19. Bg5 Rb6 20. Qe3 Bxg5
21. Qxg5 Rf8 22. Rac1 Qd7 23. Re7 Qf5 24. Qh6 Rxb2 25. d5 Qf6 26. Rec7 Bg4 27.
Ng5 Qxf2+ 0-1

[Event "Superettan(Vasteras II-Upsala)"]
[Site "?"]
[Date "2016.01.30"]
[Round "5"]
[White "Nilsson, Andre"]
[Black "Burwick, Malte"]
[Result "1-0"]
[WhiteElo "2233"]
[BlackElo "2234"]
[PlyCount "120"]
1. g3 g6 2. Bg2 Bg7 3. e4 c5 4. d3 Nc6 5. f4 d6 6. Nf3 e5 7. O-O Nge7 8. f5
gxf5 9. Nh4 fxe4 10. dxe4 Be6 11. Nf5 Bxf5 12. exf5 f6 13. Nc3 O-O 14. Nd5 Qd7
15. Be4 Nb4 16. Nxe7+ Qxe7 17. c3 Nc6 18. Be3 Kh8 19. Qa4 Qc7 20. Rad1 Rab8 21.
Rd2 Rfd8 22. Qd1 Ne7 23. Qf3 b5 24. g4 b4 25. c4 b3 26. a3 Rb6 27. g5 d5 28.
cxd5 fxg5 29. Bxg5 Bf6 30. Bxf6+ Rxf6 31. Qxb3 Nc8 32. Qc3 Re8 33. Re2 c4 34.
Bg2 Nb6 35. Kh1 Qd6 36. Rd2 Rg8 37. Be4 Rg4 38. Qe3 Nd7 39. Rg1 Rxg1+ 40. Qxg1
Nc5 41. Qe3 Rh6 42. Rg2 Nxe4 43. Qxe4 Rf6 44. Rf2 Qc7 45. Kg2 a5 46. Re2 Qg7+
47. Kh1 Qg5 48. Qxe5 Qxf5 49. Qxf5 Rxf5 50. Rd2 Rf7 51. d6 Rd7 52. Kg2 Kg7 53.
Kf3 Kf6 54. Ke4 Ke6 55. Rd5 Rxd6 56. Rxd6+ Kxd6 57. Kd4 h6 58. Kxc4 Kc6 59. a4
h5 60. h4 Kb6 1-0

[Event "Superettan(Solna-Rockaden,Sthlm II)"]
[Site "?"]
[Date "2016.01.30"]
[Round "5"]
[White "Sandbom, Jonas"]
[Black "Steneskog, Per"]
[Result "1/2-1/2"]
[WhiteElo "2097"]
[BlackElo "2176"]
[PlyCount "50"]
1. e4 e6 2. d4 d5 3. Nd2 Nf6 4. e5 Nfd7 5. c3 c5 6. Bd3 Nc6 7. Ne2 cxd4 8. cxd4
f6 9. exf6 Nxf6 10. O-O Bd6 11. Nf3 Qc7 12. g3 O-O 13. Bf4 Ng4 14. Bxd6 Qxd6
15. Nc3 g6 16. h3 Nh6 17. Bb5 Nf5 18. Kg2 Nce7 19. Qe2 a6 20. Ba4 b5 21. Bb3
Bd7 22. a3 b4 23. axb4 Qxb4 24. Ba4 Bc8 25. Rad1 Rb8 1/2-1/2

[Event "Superettan(Vasteras II-Upsala)"]
[Site "?"]
[Date "2016.01.30"]
[Round "5"]
[White "Johansson, Carl Fredrik"]
[Black "Ylonen, Anders"]
[Result "0-1"]
[WhiteElo "2170"]
[BlackElo "2086"]
[PlyCount "88"]
1. d4 f5 2. Nf3 Nf6 3. g3 e6 4. Bg2 d5 5. b3 c6 6. Bb2 Bd6 7. O-O Qe7 8. Nbd2
O-O 9. Ne5 b6 10. Ndf3 Bb7 11. Nd3 Nbd7 12. Nfe5 c5 13. e3 Rac8 14. c4 Rc7 15.
Rc1 Rfc8 16. f3 Ba6 17. dxc5 bxc5 18. Qd2 dxc4 19. Nxc4 Bxc4 20. bxc4 e5 21. e4
fxe4 22. fxe4 Nb8 23. Qg5 Nc6 24. Rf2 h6 25. Qg6 Qf7 26. Qf5 Re8 27. Rcf1 Qxc4
28. Ne1 Qe6 29. Qf3 c4 30. Ba3 Nd4 31. Qc3 Nb5 32. Bxd6 Nxc3 33. Bxc7 Ncxe4 34.
Rf5 Qc6 35. Rxf6 gxf6 36. Bxe4 Qxe4 37. Ba5 Rb8 38. Rxf6 Rb1 39. Kf1 Qh1+ 40.
Ke2 Qxh2+ 41. Ke3 Qxg3+ 42. Nf3 Rb2 43. Bc3 Qf2+ 44. Ke4 Qe2+ 0-1

[Event "Superettan(Solna-Rockaden,Sthlm II)"]
[Site "?"]
[Date "2016.01.30"]
[Round "5"]
[White "Wallgren, Ulf"]
[Black "Backman, Michael"]
[Result "0-1"]
[WhiteElo "2151"]
[BlackElo "2053"]
[PlyCount "64"]
1. e4 c5 2. Nf3 d6 3. Bb5+ Nd7 4. c3 Ngf6 5. Qe2 a6 6. Ba4 b5 7. Bc2 Ne5 8.
Nxe5 dxe5 9. d3 Bg4 10. f3 Bd7 11. Be3 e6 12. Nd2 Bd6 13. O-O Qc7 14. Rfd1 h5
15. Nf1 h4 16. Rd2 Nh5 17. Rad1 f6 18. d4 exd4 19. cxd4 Nf4 20. Qf2 Bc6 21. e5
fxe5 22. dxc5 Be7 23. Bxf4 exf4 24. Bg6+ Kf8 25. b4 a5 26. a3 h3 27. Qe2 hxg2
28. Kxg2 e5 29. Be4 Rh5 30. h3 axb4 31. axb4 Qc8 32. Bxc6 Qxh3+ 0-1

[Event "Superettan(Vasteras II-Upsala)"]
[Site "?"]
[Date "2016.01.30"]
[Round "5"]
[White "Nordebrink, Johan"]
[Black "Malm Lindberg, Henrik"]
[Result "0-1"]
[WhiteElo "2147"]
[BlackElo "2223"]
[PlyCount "104"]
1. e4 c5 2. c3 Nf6 3. e5 Nd5 4. d4 cxd4 5. Nf3 e6 6. cxd4 b6 7. Nc3 Nxc3 8.
bxc3 Qc7 9. Bd2 Bb7 10. Ng5 d6 11. f4 h6 12. Qh5 g6 13. Qh3 Be7 14. Nxe6 fxe6
15. Qxe6 Kd8 16. O-O-O Qc6 17. Qb3 Nd7 18. c4 Rc8 19. Kb2 Qe4 20. Bc3 Qxf4 21.
c5 d5 22. Bb5 Qg4 23. Rhe1 Qe6 24. Qa4 Bc6 25. Ka1 Rf8 26. Rb1 Rc7 27. Bd2 g5
28. Qc2 Bxb5 29. Rxb5 Rf2 30. Qd3 Qf5 31. Qxf5 Rxf5 32. e6 Nxc5 33. dxc5 Bxc5
34. g4 Rf2 35. Bc3 Ke7 36. Be5 Rc6 37. Bg3 Rf3 38. Rd1 Kxe6 39. Rb2 d4 40. Re2+
Re3 41. Rf2 Kd5 42. Rf7 a6 43. Rf5+ Kc4 44. Bf2 Re2 45. Rc1+ Kd3 46. Kb1 Rce6
47. h4 gxh4 48. Bxh4 Bb4 49. Rd1+ Kc4 50. Bf2 Bc3 51. a4 Rb2+ 52. Kc1 Ree2 0-1

[Event "Superettan(Solna-Rockaden,Sthlm II)"]
[Site "?"]
[Date "2016.01.30"]
[Round "5"]
[White "Nikolic, Vladan"]
[Black "Bjarnehag, Peter"]
[Result "1-0"]
[WhiteElo "2040"]
[BlackElo "2125"]
[PlyCount "119"]
1. Nf3 c5 2. c4 Nc6 3. d4 cxd4 4. Nxd4 Nf6 5. g3 d6 6. Bg2 Bd7 7. Nc3 g6 8. O-O
Bg7 9. Nb3 b6 10. Nd5 O-O 11. Bg5 Ne8 12. Nxe7+ Nxe7 13. Bxe7 Qxe7 14. Bxa8 Nc7
15. Bg2 Bxb2 16. Rb1 Bg7 17. Nd4 Ne6 18. Nb5 Bxb5 19. cxb5 Rc8 20. Bh3 Re8 21.
Bxe6 Qxe6 22. e3 h5 23. h4 Be5 24. Qe2 Bd4 25. Rb4 Bc5 26. Ra4 Re7 27. Qf3 d5
28. Rd1 Rd7 29. Kg2 f5 30. Qf4 Bd6 31. Qd4 Bc5 32. Qd3 Qe5 33. Rd2 Kg7 34. e4
fxe4 35. Rxe4 Qf5 36. f4 Kf7 37. Re5 Qxd3 38. Rxd3 d4 39. Kf3 a6 40. a4 axb5
41. axb5 Ra7 42. Ke4 Ra1 43. Kd5 Rb1 44. f5 Rxb5 45. fxg6+ Kxg6 46. Ke6 Ra5 47.
Rg5+ Kh6 48. Rf3 Bb4 49. Rf6+ Kh7 50. Rf7+ Kh8 51. Rgg7 d3 52. Rh7+ Kg8 53.
Rfg7+ Kf8 54. Rd7 Kg8 55. Rhg7+ Kh8 56. Kf7 Ra8 57. Kg6 Bc3 58. Rh7+ Kg8 59.
Rxd3 Rc8 60. Rhd7 1-0

[Event "Superettan(Vasteras II-Upsala)"]
[Site "?"]
[Date "2016.01.30"]
[Round "5"]
[White "Svensson, Mans"]
[Black "Carlstrom, Niklas"]
[Result "1/2-1/2"]
[WhiteElo "2135"]
[BlackElo "2054"]
[PlyCount "81"]
1. d4 d5 2. c4 Nc6 3. Nf3 Bg4 4. Nc3 Nf6 5. Bg5 Bxf3 6. exf3 e6 7. cxd5 exd5 8.
Be2 Be7 9. O-O O-O 10. Be3 Qd6 11. a3 Nd8 12. Qc2 Ne6 13. Rfd1 c6 14. Bf1 Nd7
15. Bd3 g6 16. g3 Bf6 17. Bf1 Bg7 18. f4 f5 19. Na4 Qe7 20. Qd2 Rfd8 21. b4 b5
22. Nc5 Ndxc5 23. bxc5 a5 24. Qc2 Bf6 25. Rab1 Rdb8 26. Rb3 Qg7 27. Qd3 h5 28.
h4 Rd8 29. Bg2 Qe7 30. Bf3 a4 31. Rbb1 Rab8 32. Rb4 Qg7 33. Kg2 Qf7 34. Be2 Qg7
35. Bf3 Qf7 36. Rdb1 Qe7 37. Rh1 Qg7 38. Rhb1 Qe7 39. Bd1 Ra8 40. Bf3 Rab8 41.
Rh1 1/2-1/2

[Event "Superettan(Solna-Rockaden,Sthlm II)"]
[Site "?"]
[Date "2016.01.30"]
[Round "5"]
[White "Noren, Lennart"]
[Black "Zhanybek, Dadabaev"]
[Result "1/2-1/2"]
[WhiteElo "1987"]
[BlackElo "1943"]
[PlyCount "112"]
1. d4 Nf6 2. c4 g6 3. Nc3 Bg7 4. e4 d6 5. Nf3 O-O 6. Be2 Nbd7 7. O-O c6 8. Qc2
e5 9. dxe5 dxe5 10. Bg5 Qc7 11. Rad1 h6 12. Bc1 Re8 13. b3 Nc5 14. Ba3 Ne6 15.
Bd6 Qa5 16. b4 Qa3 17. Nb1 Qa6 18. c5 b5 19. Bxe5 Ng5 20. Nxg5 Rxe5 21. Rd8+
Re8 22. Rxe8+ Nxe8 23. Nf3 Be6 24. a3 Nf6 25. Rd1 Re8 26. Nd4 Bc8 27. f3 Nh5
28. g3 Qb7 29. f4 Rd8 30. Nb3 Rxd1+ 31. Qxd1 Qe7 32. e5 Bh3 33. Bxh5 gxh5 34.
Qxh5 Qe6 35. Qf3 f6 36. Nd4 Qc4 37. Qb3 Qxb3 38. Nxb3 fxe5 39. fxe5 Bxe5 40.
Kf2 Bf5 41. N3d2 Kf7 42. Ke3 Ke6 43. Ne4 Bb2 44. Nec3 Ke5 45. Kd2 Kd4 46. Nd1
Ba1 47. Ke1 Kd3 48. g4 Bg6 49. Nb2+ Ke3 50. Nc3 Kf3 51. h3 Kg3 52. Ne2+ Kh4 53.
Nd1 Be4 54. Nf2 Bf3 55. Nf4 Kg3 56. N4d3 Bd4 1/2-1/2

[Event "Superettan(Vasteras II-Upsala)"]
[Site "?"]
[Date "2016.01.30"]
[Round "5"]
[White "Kimari, Patrick"]
[Black "Nilsson, Joakim"]
[Result "1-0"]
[WhiteElo "2089"]
[BlackElo "2082"]
[PlyCount "75"]
1. e4 c5 2. Nf3 e6 3. c3 Nf6 4. e5 Nd5 5. d4 cxd4 6. cxd4 Nc6 7. Nc3 d6 8. Bd3
Nxc3 9. bxc3 dxe5 10. dxe5 Be7 11. O-O Qc7 12. Re1 b6 13. Nd4 Bd7 14. Nb5 Qd8
15. Qg4 Kf8 16. Re3 h5 17. Qe2 a6 18. Nd6 Nxe5 19. Nb7 Qc7 20. Rxe5 Qxb7 21.
Rxh5 Rg8 22. Bh7 g6 23. Bh6+ Ke8 24. Bxg8 gxh5 25. Qxh5 Qe4 26. Qxf7+ Kd8 27.
Bh7 Qd5 28. Bc2 Bd6 29. Rd1 Qe5 30. g3 Qc5 31. Qg8+ Kc7 32. Qxa8 Bc6 33. Qa7+
Kc8 34. Qxa6+ Bb7 35. Qd3 Be7 36. Qd7+ Kb8 37. Bf4+ Ka8 38. Qa4+ 1-0